GR : Una revisió de la modernitat, 1951-1961 = GR : Una revisión de la modernidad, 1951-1961 Una revisió de la modernitat, 1951-1961 = GR :
Publicado:
Barcelona :
Centre de Cultura Contemporanea de Barcelona; Institut d'Edicions de la Diputació de Barcelona ,
1997
Descripción Física:
55 p. : fotog. b/n ; 22 cm
MARC
| LEADER | 00000nam a2200000Ia 4500 | ||
|---|---|---|---|
| 001 | 16972 | ||
| 008 | 160829s1997 xx 000 0 cat d | ||
| 080 | |a B-2-79 | ||
| 245 | |a GR : |b Una revisió de la modernitat, 1951-1961 = GR : |b Una revisión de la modernidad, 1951-1961 | ||
| 260 | |a Barcelona : |b Centre de Cultura Contemporanea de Barcelona; Institut d'Edicions de la Diputació de Barcelona, |c 1997 | ||
| 300 | |a 55 p. : |b fotog. b/n ; |c 22 cm | ||
| 590 | |a Text en català i castellà | ||
| 650 | |a Arquitectura moderna |x 1951-1961 |x Catalunya |9 28114 | ||
| 710 | 2 | |a Centre de Cultura Contemporània de Barcelona |9 52510 | |
| 710 | |a Barcelona (Catalunya : Província). |b Institut d'Edicions |9 53854 | ||
| 901 | |a Arxiu | ||
| 942 | |n 1 | ||
| 952 | |0 0 |1 0 |4 0 |6 B279 |7 1 |9 44678 |a Arxiu |b Arxiu |d 2016-12-01 |l 0 |o B-2-79 |p 16972 |r 2016-12-01 00:00:00 |w 2016-12-01 |y ARXIU | ||
| 999 | |c 47259 |d 47259 | ||